Luật doanh nghiệp nhà nước

Giới thiệu những văn bản pháp luật mới bán hành có giá trị thực thi về hoạt động doanh nghiệp nhà nước như: Những qui định chung, qui định thành lập và đăng kí kinh doanh, quyền và nghĩa vụ, quy định tổ chức quản lí công ty, quy định khen thưo...

Descripció completa

Guardat en:
Dades bibliogràfiques
Format: Llibre
Publicat: H. Chính trị quốc gia 2003
Matèries:
Etiquetes: Afegir etiqueta
Sense etiquetes, Sigues el primer a etiquetar aquest registre!
Thư viện lưu trữ: Trung tâm Học liệu Lê Vũ Hùng, Trường Đại học Đồng Tháp
LEADER 01105pam a22002178a 4500
001 00000716
005 20171026081022.0
008 110323s2003 ||||||Viesd
020 |c 8500 
041 0 # |a Vie 
082 1 4 |a 346.597  |b L504D 
245 0 0 |a Luật doanh nghiệp nhà nước 
260 # # |a H.  |b Chính trị quốc gia  |c 2003 
300 # # |a 112 tr.  |c 19 cm. 
520 3 # |a Giới thiệu những văn bản pháp luật mới bán hành có giá trị thực thi về hoạt động doanh nghiệp nhà nước như: Những qui định chung, qui định thành lập và đăng kí kinh doanh, quyền và nghĩa vụ, quy định tổ chức quản lí công ty, quy định khen thưởng và xử phạt cùng một số điều khoản thi hành 
650 # 4 |a Pháp luật 
653 # # |a Nhá nước  |a Việt Nam  |a Luật doanh nghiệp 
852 # # |b Kho đọc  |j KD.0000650 
852 # # |j KD.0000650 
910 |d 23/03/2011 
980 # # |a Trung tâm Học liệu Lê Vũ Hùng, Trường Đại học Đồng Tháp